Datum a čas kvízu
34
Celkem bodů
Celkový počet nahraných bodů na tomto kvízu bez doplňovacích otázek.
5.
Pořadí na kvízu
Konečné umístění týmu na tomto kvízu.
Zaznamenané odpovědi
| # | Otázka | Odpověď | Body | Výsledky |
|---|---|---|---|---|
| 1. | Kandidátka SPOLU do červnových... | Hayato Okamura | 1 | |
| 2. | Minulý týden jsme se dozvěděli... | na Novém Zélandu | 0 | |
| 3. | Česká národní banka vydala stř... | Bedřich Smetana | 1 | |
| 4. | Úřad pro ochranu hospodářské s... | Pernod Ricard | 0 | |
| 5. | Ve kterém britském městě se od... | v Glasgow | 1 | |
| 6. | Napište, kterým slovem se ozna... | okostice (periost) | 1 | |
| 7. | Ve kterém kraji České republik... | v Královéhradeckém | 1 | |
| 8. | Hlavní postava seriálu Sběrate... | Booth | 0 | |
| 9. | Která párová kost u psů a koní... | klíční kost (clavicula) | 1 | |
| 10. | V září roku 2012 byla pod park... | Richard III. | 0.5 |